عرض عادي
عرض مارك
- Wordsworth, William,
مدخل إسم شخص
001 - رقم الضبط
- حقل الضبط: 56354
003 - معرف رقم الضبط
- حقل الضبط: OSt
005 - تاريخ ووقت أخر عملية
- حقل الضبط: 20160827125435.0
008 - عناصر بيانات ثابتة الطول
- حقل تحكم ثابت الطول: 160827|| aca||aabn | a|a d
040 ## - مصدر الفهرسة
- هيئة الفهرسة الأصلية: OSt
- وكالة الكتابة: OSt
100 ## - مدخل -- أسم شخص
- إسم شخص: Wordsworth, William,
- تواريخ مرتبطة بالاسم: 1770-1850
- تفريع عام: Criticism and interpretation.
670 ## - بيانات المصدر موجوده
- الاستشهاد بالمصدر: Work cat.: (OSt)0: Abrams, M. H. (Meyer Howard), 1912-2015. 56353, The correspondent breeze :, c1984.
